000 00416nam a22001697a 4500
003 MPLRDC
005 20220104143835.0
008 210129b ||||| |||| 00| 0 eng d
082 _a308.9 JM v.1
100 _a将门出版社 编著
245 _a中国孩子的智慧. 上
_c
260 _a
_b将门出版社
_c
300 _b
490 _a儿童科学益智文库
650 _a
942 _cBK
_o308.9 JM v.1
999 _c43857
_d43847